| 000 | 01073nam a22003257a 4500 | ||
|---|---|---|---|
| 003 | EG-ScBUE | ||
| 005 | 20220619133957.0 | ||
| 008 | 110523s2008 enka f 000 0 eng d | ||
| 020 | _a140588195X | ||
| 020 | _a9781405881951 | ||
| 020 | _a9781405879217(CD-ROM) | ||
| 040 |
_aEG-ScBUE _beng _erda _cEG-ScBUE _dEG-ScBUE |
||
| 082 | 0 | 4 |
_222 _a428.6 _bLER |
| 100 | 1 |
_924051 _aLerner, Alan Jay, _d1918-1986, _eauthor. |
|
| 245 | 1 | 0 |
_aMy fair lady / _cAlan Jay Lerner ; retold by Derek Strange. |
| 264 | 1 |
_aHarlow, England : _bPearson Education Limited, _c2008. |
|
| 300 |
_a49 pages : _billustrations ; _c20 cm. |
||
| 336 |
_2rdacontent _atext _btxt |
||
| 337 |
_2rdamedia _aunmediated _bn |
||
| 338 |
_2rdacarrier _avolume _bnc |
||
| 490 | 0 |
_aPenguin readers ; _vlevel 3 |
|
| 521 | _aA2: Pre-Intermediate | ||
| 650 | 7 |
_924032 _aHigh interest-low vocabulary books. _2BUEsh |
|
| 650 | 7 |
_aReaders (Primary) _2BUEsh |
|
| 651 | _2BUEsh | ||
| 653 |
_cMay2011 _bHHUUEENN |
||
| 655 |
_vReading book _934232 |
||
| 700 | 1 |
_924052 _aStrange, Derek, _econtributor. |
|
| 942 |
_2ddc _cBB |
||
| 999 |
_c15369 _d15369 |
||